25th Danubia-Adria Symposium on Advances in Experimental Mechanics : Czech Republic, České Budějovice, Český Krumlov, September 24-27, 2008
Salvato in:
| Natura: | Libro |
|---|---|
| Lingua: | inglese |
| Pubblicazione: |
Praha :
Czech Technical University,
2008
|
| Soggetti: | |
| Tags: |
Nessun Tag, puoi essere il primo ad aggiungerne!!
|
MARC
| LEADER | 00000nam a22000003a 4500 | ||
|---|---|---|---|
| 001 | stu176968 | ||
| 005 | 20150408182702.9 | ||
| 008 | 081208s2008----xr------------------eng-d | ||
| 020 | |a 978-80-01-04162-8 | ||
| 040 | |a STU |b slo | ||
| 041 | 0 | |a eng | |
| 044 | |a xr | ||
| 080 | |a 531/534 |7 stu_us_auth*stu7969 | ||
| 245 | |a 25th Danubia-Adria Symposium on Advances in Experimental Mechanics : |b Czech Republic, České Budějovice, Český Krumlov, September 24-27, 2008 | ||
| 260 | |a Praha : |b Czech Technical University, |c 2008 | ||
| 300 | |a 285 s | ||
| 650 | 7 | |a mechanika |2 stusub | |
| 996 | |b 284M069431 |c M*Z-3406 |l MMKN |s A |a 24 |w stu176968_0001 | ||